000 01830nam a2200445 c 4500
999 _c63074
_d63074
003 BLK
005 20250604140136.0
008 180408b bul|||||r ||||||| ||bul||
010 _aKNG00067304000
020 _a954-308-116-6
040 _aBLK
041 _aBUL
_cBUL
080 _aГеография на Африка
_b913(6)
_x(252)
_z913(6)(252)
080 _aКлиматични зони. Влияние на географската ширина на климата
_b551.581
_x(6:252)
_z551.581(6:252)
100 1 _aGaff, Jackie
_eпърви автор
_910581
139 _aГаф, Джаки
_bГ 25
245 1 0 _aЗащо нощите в Сахара са студени
_cJackie Gaff; * Джаки Гаф; прев. Доряна Стефанова Петрова.
257 _aGBR
260 _bПрес
_c2006
_fПловдив : Делта+
300 _a32 с.
_bс цв. ил.
_c29 см
380 _aDN
490 _aИскам всичко да знам
_v25
_9201509
500 _aОриг. загл. The Sahara is Cold at Night / Jackie Gaff. - Авт. отбелязан на гърба на загл. с. - Офс. изд. - Съдържа и Сахара - тест. - Азб. показалец.
650 4 _aАфрика
_9246452
650 4 _aПустини
_9168498
653 _aСахара
653 _aпустини
653 _aАфрика
653 _aлитература за деца
653 _aдетска литература
700 1 _aГаф, Джаки
_e*
_9291214
700 1 _aПетрова, Доряна Стефанова
_eпрев.
_9370118
852 _aЦб ІІ 13893
856 4 _qpdf
856 4 _qpdf
942 _cKNG
_n0
_s1
_03
944 _aCR
_c28.07.2006
_k30551
_lБояна Костадинова
944 _aED
_c22.03.2007
999 _d63074